[Event "Ambes op 2nd"]
[Site "Ambes"]
[Date "2009.04.11"]
[Round "1"]
[White "Fantinel, Thibault"]
[Black "Tabaroni, Serge"]
[Result "1-0"]
[WhiteElo "2036"]
[BlackElo "1686"]
[PlyCount "87"]
[EventDate "2009.04.11"]
[EventType "swiss"]
[EventRounds "9"]
[EventCountry "FRA"]
[SourceTitle "EXT 2012"]
[Source "ChessBase"]
[SourceDate "2011.11.24"]
[SourceVersion "1"]
[SourceVersionDate "2011.11.24"]
[SourceQuality "1"]

1. e4 e5 2. Nf3 Nc6 3. Bb5 Nf6 4. 0-0 d6 5. d4 Bd7 6. Nc3 Be7 7. Re1 exd4 8. Nxd4 Nxd4 9. Bxd7+ Nxd7 10. Qxd4 0-0 11. Nd5 c6 12. Nxe7+ Qxe7 13. Bf4 Ne5 14. Rad1 Rfd8 15. c4 b6 16. Qc3 Qf6 17. Bg3 Qe6 18. b3 c5 19. Bxe5 Qxe5 20. Qh3 Re8 21. Rd5 Qf6 22. Qd3 Rad8 23. Rd1 h6 24. f3 Re6 25. Qd2 Qe7 26. g4 Qf6 27. Kg2 Qe7 28. Kg3 f6 29. h4 g5 30. Qh2 Re5 31. hxg5 Rxd5 32. Rxd5 hxg5 33. Qh6 Qg7 34. Qh5 Kf8 35. Rd2 Qe7 36. Qh8+ Kf7 37. Qh7+ Ke8 38. Qg6+ Kd7 39. Qf5+ Qe6 40. Rh2 Qxf5 41. gxf5 Re8 42. Rh6 Rf8 43. Rh7+ Kc6 44. Rxa7 1-0

[Event "Cap d'Agde Avenir op"]
[Site "Cap d'Agde"]
[Date "2008.10.28"]
[Round "5"]
[White "Tabaroni, Serge"]
[Black "Bouet, Aurelie"]
[Result "0-1"]
[WhiteElo "1713"]
[BlackElo "1499"]
[PlyCount "74"]
[EventDate "2008.10.25"]
[EventType "swiss"]
[EventRounds "9"]
[EventCountry "FRA"]
[SourceTitle "EXT 2010"]
[Source "ChessBase"]
[SourceDate "2010.11.25"]
[SourceVersion "1"]
[SourceVersionDate "2010.11.25"]
[SourceQuality "1"]

1. e4 c5 2. Nc3 Nc6 3. f4 d6 4. Nf3 g6 5. g3 Bg7 6. Bg2 e6 7. 0-0 Nge7 8. d3 a6 9. a4 0-0 10. h3 Qc7 11. Ne2 b6 12. c3 Bb7 13. g4 d5 14. h4 Rad8 15. e5 d4 16. c4 f6 17. exf6 Bxf6 18. h5 gxh5 19. gxh5 Nf5 20. Bh3 Kh8 21. Bxf5 exf5 22. Kf2 Nb4 23. Ng3 Bxf3 24. Kxf3 Qb7+ 25. Kf2 Bh4 26. Rg1 Rg8 27. Qe2 Qg7 28. Qf3 Nc2 29. Rb1 Rde8 30. Bd2 Bxg3+ 31. Rxg3 Qxg3+ 32. Qxg3 Rxg3 33. Kxg3 Re2 34. Bc1 Nb4 35. Kh4 Nxd3 36. Kg5 Re1 37. Kxf5 Rxc1 0-1

[Event "Creon op 11th"]
[Site "Creon"]
[Date "2006.08.03"]
[Round "6"]
[White "Tabaroni, Serge"]
[Black "Alard, Pierre"]
[Result "1-0"]
[WhiteElo "1710"]
[BlackElo "1939"]
[PlyCount "113"]
[EventDate "2006.07.31"]
[EventType "swiss"]
[EventRounds "9"]
[EventCountry "FRA"]
[SourceTitle "CBM 113 Extra"]
[Source "ChessBase"]
[SourceDate "2006.09.14"]
[SourceVersion "1"]
[SourceVersionDate "2006.09.14"]
[SourceQuality "1"]

1. e4 g6 2. d4 Bg7 3. f4 d6 4. Nf3 e6 5. Nc3 Ne7 6. Bd3 Nd7 7. e5 dxe5 8. dxe5 0-0 9. Be3 Nf5 10. Bxf5 exf5 11. Qd5 Nb6 12. Qc5 Nd7 13. Qd4 c6 14. 0-0-0 Qe7 15. Qd6 Re8 16. Qc7 Nf8 17. Qxe7 Rxe7 18. Rd8 h6 19. Bc5 Rd7 20. Rd1 b6 21. Bxf8 Rxd1+ 22. Kxd1 Bxf8 23. Nd4 Bb7 24. Rd7 Bc5 25. Nxf5 gxf5 26. Rxb7 Rd8+ 27. Ke2 Bg1 28. h3 Bh2 29. Kf3 Rd2 30. Rxa7 Rxc2 31. Nd1 Bg1 32. Ra6 h5 33. Ra8+ Kg7 34. Rd8 h4 35. Rd6 b5 36. g3 hxg3 37. Kxg3 Bh2+ 38. Kf3 Rc4 39. e6 Rxf4+ 40. Kg2 Rf2+ 41. Nxf2 Bxd6 42. exf7 Kxf7 43. b3 Kg6 44. Nd3 b4 45. Kf3 Kg5 46. Nb2 Kh4 47. Nc4 Bc7 48. Ne3 f4 49. Ng2+ Kg5 50. h4+ Kf5 51. h5 Kg5 52. h6 Be5 53. h7 Kf5 54. Nxf4 Bd4 55. Nd3 Kg6 56. Nxb4 c5 57. Nc6 1-0

[Event "St Chely d'Aubrac op 4th"]
[Site "St Chely d'Aubrac"]
[Date "2004.07.18"]
[Round "2"]
[White "Chokbengboun, Thomas"]
[Black "Tabaroni, Serge"]
[Result "1-0"]
[WhiteElo "1900"]
[BlackElo "1650"]
[PlyCount "87"]
[EventDate "2004.07.17"]
[EventType "swiss"]
[EventRounds "9"]
[EventCountry "FRA"]
[SourceTitle "CBM 101 Extra"]
[Source "ChessBase"]
[SourceDate "2004.09.01"]
[SourceVersion "2"]
[SourceVersionDate "2004.09.01"]
[SourceQuality "1"]

1. c4 Nf6 2. Nf3 g6 3. Nc3 Bg7 4. g3 0-0 5. Bg2 d6 6. 0-0 Nc6 7. d3 Bd7 8. Rb1 Qc8 9. Re1 a6 10. Bg5 h6 11. Bxf6 Bxf6 12. Qd2 Bg7 13. b4 Rb8 14. b5 Na7 15. Nd5 Qd8 16. Nxc7 axb5 17. Nxb5 Nxb5 18. cxb5 Qb6 19. Rec1 Ra8 20. Qe3 Qxe3 21. fxe3 Rfc8 22. Rxc8+ Rxc8 23. a4 b6 24. Nd4 Bxd4 25. exd4 Bg4 26. Kf2 Rc2 27. Bf3 Bxf3 28. Kxf3 Kg7 29. Ra1 Kf6 30. a5 bxa5 31. Rxa5 Rc8 32. b6 Rb8 33. Rb5 Ke6 34. Ke4 f5+ 35. Kf4 d5 36. b7 g5+ 37. Kf3 h5 38. e4 fxe4+ 39. dxe4 dxe4+ 40. Kxe4 Kf6 41. Rb6+ Kf7 42. Kd5 Ke8 43. Kc6 Kd8 44. Ra6 1-0

[Event "FRA-chT2"]
[Site "France"]
[Date "2002.03.??"]
[Round "11.9"]
[White "Tabaroni, Serge"]
[Black "Dinet, Virginie"]
[Result "1-0"]
[WhiteElo "1450"]
[BlackElo "1850"]
[PlyCount "153"]
[EventDate "2002.??.??"]
[EventType "team"]
[EventRounds "11"]
[EventCountry "FRA"]
[SourceTitle "EXT 2003"]
[Source "ChessBase"]
[SourceDate "2002.11.25"]
[SourceVersion "1"]
[SourceVersionDate "2002.11.25"]
[SourceQuality "1"]

1. e4 e5 2. Nf3 Nc6 3. Bc4 Bc5 4. c3 Nf6 5. d4 exd4 6. cxd4 Bb4+ 7. Bd2 Nxe4 8. Bxb4 Nxb4 9. Bxf7+ Kxf7 10. Qb3+ Kf8 11. Qxb4+ Qe7 12. Qxe7+ Kxe7 13. Nc3 Nxc3 14. bxc3 Re8 15. Kd2 d6 16. Rae1+ Kf8 17. Ng5 Bf5 18. Re3 h6 19. Rf3 g6 20. Nh3 Kg7 21. Nf4 c6 22. Rg1 Be4 23. Re3 d5 24. Rge1 g5 25. Nd3 Bg6 26. Re7+ Kf8 27. R7e6 Rxe6 28. Rxe6 Kf7 29. Rd6 Bf5 30. Ne5+ Kg7 31. g4 Bb1 32. Rd7+ Kg8 33. Rxb7 Bxa2 34. Nxc6 a6 35. Rb8+ Rxb8 36. Nxb8 a5 37. Kc2 a4 38. Kb2 Bb3 39. Nc6 Bd1 40. Ka3 Kf7 41. Ne5+ Ke6 42. Kb2 h5 43. gxh5 Bxh5 44. f3 Kf5 45. Ka3 Be8 46. Nd3 Bb5 47. Nc5 Kf4 48. Nxa4 Bxa4 49. Kxa4 Kxf3 50. c4 dxc4 51. Kb4 Kg2 52. d5 c3 53. Kxc3 Kxh2 54. d6 g4 55. d7 g3 56. d8Q g2 57. Qh4+ Kg1 58. Qf4 Kh1 59. Qf3 Kh2 60. Qf2 Kh1 61. Qf3 Kh2 62. Qh5+ Kg3 63. Qg5+ Kf2 64. Qf4+ Ke2 65. Qg3 Kf1 66. Qf3+ Kg1 67. Kd3 Kh2 68. Qh5+ Kg3 69. Qg5+ Kf2 70. Qf4+ Ke1 71. Qe3+ Kf1 72. Qf3+ Kg1 73. Ke2 Kh2 74. Qh5+ Kg3 75. Qg5+ Kh2 76. Qh4+ Kg1 77. Kf3 1-0